Çağdaş arap düşüncesi 1967 sonrası arap entelektüel tarihi araştırmaları (Record no. 4246)

000 -LEADER
fixed length control field 01155nmm a2200313 a 4500
001 - CONTROL NUMBER
control field ocm000605234
003 - CONTROL NUMBER IDENTIFIER
control field TR-IsHL
005 - DATE AND TIME OF LATEST TRANSACTION
control field 20201028130841.0
008 - FIXED-LENGTH DATA ELEMENTS--GENERAL INFORMATION
fixed length control field 131010s2005 tu tur
007 - PHYSICAL DESCRIPTION FIXED FIELD--GENERAL INFORMATION
fixed length control field cr cn
020 ## - INTERNATIONAL STANDARD BOOK NUMBER
International Standard Book Number 9789759044091
035 ## - SYSTEM CONTROL NUMBER
System control number 605234
-- (N$T)
050 04 - LIBRARY OF CONGRESS CALL NUMBER
Classification number DS36.88
Item number .R33 2005
090 04 - LOCALLY ASSIGNED LC-TYPE CALL NUMBER (OCLC); LOCAL CALL NUMBER (RLIN)
Classification number (OCLC) (R) ; Classification number, CALL (RLIN) (NR) DS36.88
Local cutter number (OCLC) ; Book number/undivided call number, CALL (RLIN) .R33 2005
100 1# - MAIN ENTRY--PERSONAL NAME
Personal name Rabi, İbrahim M. Ebu
245 10 - TITLE STATEMENT
Title Çağdaş arap düşüncesi 1967 sonrası arap entelektüel tarihi araştırmaları
Medium [electronic resource] /
Statement of responsibility, etc. İbrahim M. Ebu Rabi ; çev. İbrahim Kapaklıkaya
250 ## - EDITION STATEMENT
Edition statement 1. bs.
260 ## - PUBLICATION, DISTRIBUTION, ETC.
Place of publication, distribution, etc. İstanbul :
Name of publisher, distributor, etc. Anka Yayınları,
Date of publication, distribution, etc. 2005
300 ## - PHYSICAL DESCRIPTION
Extent 568 p.
650 #4 - SUBJECT ADDED ENTRY--TOPICAL TERM
Topical term or geographic name entry element Felsefe, Psikoloji ve Din
650 #4 - SUBJECT ADDED ENTRY--TOPICAL TERM
Topical term or geographic name entry element Philosophy, Psychology and Religion
650 #0 - SUBJECT ADDED ENTRY--TOPICAL TERM
Topical term or geographic name entry element Arap Milliyetçiliği
650 #0 - SUBJECT ADDED ENTRY--TOPICAL TERM
Topical term or geographic name entry element Arab Nationalism
650 #0 - SUBJECT ADDED ENTRY--TOPICAL TERM
Topical term or geographic name entry element Arap Ülkeleri
General subdivision Entelektüel Yaşam
-- 20. Yüzyıl
650 #0 - SUBJECT ADDED ENTRY--TOPICAL TERM
Topical term or geographic name entry element Arab Countries
General subdivision Intellectual Life
-- 20th Century
650 #7 - SUBJECT ADDED ENTRY--TOPICAL TERM
Topical term or geographic name entry element POLITICAL SCIENCE / World / Middle Eastern
Source of heading or term bisacsh
700 1# - ADDED ENTRY--PERSONAL NAME
Personal name Kapaklıkaya, İbrahim
856 40 - ELECTRONIC LOCATION AND ACCESS
Uniform Resource Identifier <a href="http://search.ebscohost.com/login.aspx?direct=true&scope=site&db=e011xww&AN=605234">http://search.ebscohost.com/login.aspx?direct=true&scope=site&db=e011xww&AN=605234</a>
Holdings
Withdrawn status Lost status Source of classification or shelving scheme Damaged status Not for loan Collection code Permanent Location Current Location Date acquired Total Checkouts Full call number Barcode Date last seen Price effective from Koha item type
        Online   Kıbrıs Amerikan Üniversitesi Kütüphanesi / American University of Cyprus Kıbrıs Amerikan Üniversitesi Kütüphanesi / American University of Cyprus 28.10.2020   DS36.88 .R33 2005 605234 28.10.2020 28.10.2020 E-Kitap
Devinim Yazılım Eğitim Danışmanlık tarafından Koha'nın orjinal sürümü uyarlanarak geliştirilip kurulmuştur.